[Event "DEM U12 2025"]
[Site "Willingen GER"]
[Date "2025.06.08"]
[Round "2"]
[White "Kottage, Nilash Nethul"]
[Black "Tran, Nhat Nam"]
[Result "1-0"]
[Termination "normal"]
[Board "16"]
[WhiteElo "1526"]
[BlackElo "1341"]
[WhiteClock "00:56:41"]
[BlackClock "00:56:12"]
[PlyCount "51"]
[WhiteFideId "29935768"]
[BlackFideId "34692193"]
[EventCountry "GER"]
[EventRounds "9"]
[EventType "swiss"]
[EventDate "2025.06.07"]

1. c4 {[%clk 01:30:58]} {[%emt 00:00:03]} Nf6 {[%clk 01:30:49]} {[%emt
00:00:11]} 2. Nc3 {[%clk 01:31:24]} {[%emt 00:00:03]} g6 {[%clk 01:31:09]}
{[%emt 00:00:11]} 3. e4 {[%clk 01:31:46]} {[%emt 00:00:08]} d6 {[%clk
01:31:27]} {[%emt 00:00:12]} 4. h3 {[%clk 01:32:06]} {[%emt 00:00:09]} Bg7
{[%clk 01:31:46]} {[%emt 00:00:11]} 5. g3 {[%clk 01:32:32]} {[%emt 00:00:04]}
O-O {[%clk 01:31:48]} {[%emt 00:00:29]} 6. Bg2 {[%clk 01:32:57]} {[%emt
00:00:05]} Nc6 {[%clk 01:31:42]} {[%emt 00:00:36]} 7. Nge2 {[%clk 01:32:50]}
{[%emt 00:00:35]} e5 {[%clk 01:31:24]} {[%emt 00:00:50]} 8. d3 {[%clk
01:33:15]} {[%emt 00:00:05]} Be6 {[%clk 01:31:13]} {[%emt 00:00:32]} 9. O-O
{[%clk 01:33:22]} {[%emt 00:00:31]} Nd7 {[%clk 01:31:28]} {[%emt 00:00:17]} 10.
Kh2 {[%clk 01:32:06]} {[%emt 00:01:45]} f5 {[%clk 01:31:41]} {[%emt 00:00:16]}
11. Nd5 {[%clk 01:27:51]} {[%emt 00:04:46]} Ne7 {[%clk 01:30:41]} {[%emt
00:01:29]} 12. Nxe7+ {[%clk 01:27:11]} {[%emt 00:01:11]} Qxe7 {[%clk 01:31:08]}
{[%emt 00:00:02]} 13. exf5 {[%clk 01:26:52]} {[%emt 00:00:50]} Bxf5 {[%clk
01:30:27]} {[%emt 00:01:10]} 14. Bxb7 {[%clk 01:25:30]} {[%emt 00:01:52]} Rab8
{[%clk 01:30:46]} {[%emt 00:00:11]} 15. Be4 {[%clk 01:22:23]} {[%emt 00:03:36]}
Nc5 {[%clk 01:27:11]} {[%emt 00:04:07]} 16. Nc3 {[%clk 01:21:14]} {[%emt
00:01:38]} c6 {[%clk 01:24:51]} {[%emt 00:02:52]} 17. Rb1 {[%clk 01:18:20]}
{[%emt 00:03:23]} Qd7 {[%clk 01:23:21]} {[%emt 00:02:00]} 18. g4 {[%clk
01:16:32]} {[%emt 00:02:19]} Be6 {[%clk 01:23:16]} {[%emt 00:00:34]} 19. Be3
{[%clk 01:04:53]} {[%emt 00:12:09]} Nxe4 {[%clk 01:21:57]} {[%emt 00:01:49]}
20. Nxe4 {[%clk 01:05:08]} {[%emt 00:00:13]} c5 {[%clk 01:09:50]} {[%emt
00:12:39]} 21. a3 {[%clk 01:04:13]} {[%emt 00:01:25]} a5 {[%clk 01:06:08]}
{[%emt 00:04:12]} 22. Ng5 {[%clk 01:03:02]} {[%emt 00:01:39]} e4 {[%clk
01:00:34]} {[%emt 00:06:06]} 23. Nxe4 {[%clk 01:02:22]} {[%emt 00:01:09]} Bxb2
{[%clk 01:00:36]} {[%emt 00:00:28]} 24. Qe2 {[%clk 00:56:28]} {[%emt 00:06:22]}
Bxa3 {[%clk 00:56:08]} {[%emt 00:05:00]} 25. Rxb8 {[%clk 00:56:12]} {[%emt
00:00:47]} Rxb8 {[%clk 00:56:12]} {[%emt 00:00:26]} 26. Nf6+ {[%clk 00:56:41]}
1-0

[Event "DEM U12 2025"]
[Site "Willingen GER"]
[Date "2025.06.08"]
[Round "2"]
[White "Fattori Dittmar, Luca"]
[Black "Zargaran, Sepas"]
[Result "0-1"]
[Termination "normal"]
[Board "17"]
[WhiteElo "1671"]
[BlackElo "1944"]
[WhiteClock "01:01:12"]
[BlackClock "00:04:36"]
[PlyCount "72"]
[WhiteFideId "34678883"]
[BlackFideId "34625275"]
[EventCountry "GER"]
[EventRounds "9"]
[EventType "swiss"]
[EventDate "2025.06.07"]

1. d4 {[%clk 01:30:39]} {[%emt 00:00:21]} Nf6 {[%clk 01:30:41]} {[%emt
00:00:20]} 2. Nf3 {[%clk 01:30:58]} {[%emt 00:00:12]} e6 {[%clk 01:30:54]}
{[%emt 00:00:19]} 3. e3 {[%clk 01:30:48]} {[%emt 00:00:37]} b6 {[%clk
01:31:03]} {[%emt 00:00:21]} 4. Bd3 {[%clk 01:30:59]} {[%emt 00:00:19]} Bb7
{[%clk 01:31:26]} {[%emt 00:00:07]} 5. Nbd2 {[%clk 01:31:21]} {[%emt 00:00:08]}
Nc6 {[%clk 01:27:18]} {[%emt 00:04:38]} 6. c3 {[%clk 01:30:40]} {[%emt
00:01:10]} h6 {[%clk 01:26:35]} {[%emt 00:01:14]} 7. Qe2 {[%clk 01:29:14]}
{[%emt 00:01:56]} a5 {[%clk 01:25:04]} {[%emt 00:02:01]} 8. a4 {[%clk
01:28:57]} {[%emt 00:00:47]} Nd5 {[%clk 01:13:57]} {[%emt 00:11:36]} 9. Nf1
{[%clk 01:27:37]} {[%emt 00:01:50]} Qe7 {[%clk 01:10:11]} {[%emt 00:04:17]} 10.
e4 {[%clk 01:27:17]} {[%emt 00:00:50]} Nf6 {[%clk 01:10:07]} {[%emt 00:00:33]}
11. Ng3 {[%clk 01:25:04]} {[%emt 00:02:43]} O-O-O {[%clk 01:09:56]} {[%emt
00:00:42]} 12. Be3 {[%clk 01:24:56]} {[%emt 00:00:38]} d5 {[%clk 01:09:09]}
{[%emt 00:01:17]} 13. e5 {[%clk 01:25:03]} {[%emt 00:00:23]} Nd7 {[%clk
01:07:41]} {[%emt 00:01:59]} 14. O-O {[%clk 01:25:17]} {[%emt 00:00:15]} f5
{[%clk 01:05:34]} {[%emt 00:02:38]} 15. Rfb1 {[%clk 01:25:03]} {[%emt
00:00:44]} g5 {[%clk 01:05:45]} {[%emt 00:00:19]} 16. Bd2 {[%clk 01:24:39]}
{[%emt 00:00:53]} g4 {[%clk 01:05:17]} {[%emt 00:00:58]} 17. Ne1 {[%clk
01:24:31]} {[%emt 00:00:37]} Qf7 {[%clk 01:03:04]} {[%emt 00:02:44]} 18. Ba6
{[%clk 01:22:56]} {[%emt 00:02:05]} f4 {[%clk 01:02:39]} {[%emt 00:00:55]} 19.
Nf1 {[%clk 01:23:19]} {[%emt 00:00:07]} Rg8 {[%clk 00:58:36]} {[%emt 00:04:32]}
20. Bxb7+ {[%clk 01:20:59]} {[%emt 00:02:51]} Kxb7 {[%clk 00:58:00]} {[%emt
00:01:06]} 21. Qd3 {[%clk 01:19:42]} {[%emt 00:01:47]} f3 {[%clk 00:52:13]}
{[%emt 00:06:18]} 22. g3 {[%clk 01:19:45]} {[%emt 00:00:27]} h5 {[%clk
00:48:05]} {[%emt 00:04:38]} 23. b4 {[%clk 01:19:22]} {[%emt 00:00:53]} Ndb8
{[%clk 00:41:43]} {[%emt 00:06:51]} 24. bxa5 {[%clk 01:19:32]} {[%emt
00:00:20]} Nxa5 {[%clk 00:41:54]} {[%emt 00:00:20]} 25. Qb5 {[%clk 01:18:56]}
{[%emt 00:01:06]} Nc4 {[%clk 00:39:22]} {[%emt 00:03:02]} 26. a5 {[%clk
01:11:15]} {[%emt 00:08:10]} Qd7 {[%clk 00:23:10]} {[%emt 00:16:42]} 27. a6+
{[%clk 01:06:41]} {[%emt 00:05:05]} Ka7 {[%clk 00:19:51]} {[%emt 00:03:49]} 28.
Qb3 {[%clk 01:06:21]} {[%emt 00:00:46]} Qh7 {[%clk 00:15:42]} {[%emt 00:04:43]}
29. Nc2 {[%clk 01:05:25]} {[%emt 00:01:26]} h4 {[%clk 00:13:45]} {[%emt
00:02:27]} 30. Nce3 {[%clk 01:05:13]} {[%emt 00:00:42]} hxg3 {[%clk 00:11:42]}
{[%emt 00:02:34]} 31. Nxc4 {[%clk 01:03:43]} {[%emt 00:02:00]} dxc4 {[%clk
00:06:14]} {[%emt 00:05:58]} 32. Qxc4 {[%clk 01:03:48]} {[%emt 00:00:25]} g2
{[%clk 00:06:01]} {[%emt 00:00:42]} 33. Ne3 {[%clk 01:03:36]} {[%emt 00:00:42]}
Bh6 {[%clk 00:04:16]} {[%emt 00:02:15]} 34. Qxe6 {[%clk 01:01:32]} {[%emt
00:02:35]} Bf4 {[%clk 00:03:44]} {[%emt 00:01:01]} 35. Nxg2 {[%clk 01:00:44]}
{[%emt 00:01:18]} Qxh2+ {[%clk 00:04:08]} {[%emt 00:00:06]} 36. Kf1 {[%clk
01:01:12]} {[%emt 00:00:03]} Qh1# {[%clk 00:04:36]} {[%emt 00:00:02]} 0-1

[Event "DEM U12 2025"]
[Site "Willingen GER"]
[Date "2025.06.08"]
[Round "2"]
[White "Haas, Leandro"]
[Black "Retzlaff, Nick"]
[Result "1/2-1/2"]
[Termination "normal"]
[Board "18"]
[WhiteElo "1730"]
[BlackElo "1790"]
[WhiteClock "00:57:43"]
[BlackClock "00:14:16"]
[PlyCount "54"]
[WhiteFideId "34632549"]
[BlackFideId "34610367"]
[EventCountry "GER"]
[EventRounds "9"]
[EventType "swiss"]
[EventDate "2025.06.07"]

1. e4 {[%clk 01:30:59]} {[%emt 00:00:02]} c5 {[%clk 01:30:58]} 2. c3 {[%clk
01:31:25]} {[%emt 00:00:05]} Nf6 {[%clk 01:31:20]} {[%emt 00:00:08]} 3. e5
{[%clk 01:31:46]} {[%emt 00:00:09]} Nd5 {[%clk 01:31:45]} {[%emt 00:00:05]} 4.
d4 {[%clk 01:32:05]} {[%emt 00:00:11]} cxd4 {[%clk 01:32:09]} {[%emt 00:00:06]}
5. cxd4 {[%clk 01:32:28]} {[%emt 00:00:07]} Nc6 {[%clk 01:32:36]} {[%emt
00:00:03]} 6. Nc3 {[%clk 01:32:49]} {[%emt 00:00:09]} Nxc3 {[%clk 01:32:40]}
{[%emt 00:00:26]} 7. bxc3 {[%clk 01:33:14]} {[%emt 00:00:05]} d6 {[%clk
01:33:02]} {[%emt 00:00:09]} 8. exd6 {[%clk 01:33:40]} {[%emt 00:00:04]} Qxd6
{[%clk 01:33:26]} {[%emt 00:00:05]} 9. Bd3 {[%clk 01:33:30]} {[%emt 00:00:41]}
g6 {[%clk 01:30:50]} {[%emt 00:03:05]} 10. Nf3 {[%clk 01:33:09]} {[%emt
00:00:51]} Bg7 {[%clk 01:30:23]} {[%emt 00:00:56]} 11. O-O {[%clk 01:33:29]}
{[%emt 00:00:10]} O-O {[%clk 01:28:38]} {[%emt 00:02:15]} 12. Re1 {[%clk
01:33:24]} {[%emt 00:00:35]} Re8 {[%clk 01:15:48]} {[%emt 00:13:20]} 13. Bc2
{[%clk 01:30:17]} {[%emt 00:03:37]} b6 {[%clk 01:12:47]} {[%emt 00:03:32]} 14.
Bg5 {[%clk 01:22:32]} {[%emt 00:08:15]} Bb7 {[%clk 01:10:26]} {[%emt 00:02:51]}
15. Qd2 {[%clk 01:21:45]} {[%emt 00:01:17]} Rac8 {[%clk 01:09:41]} {[%emt
00:01:14]} 16. Bb3 {[%clk 01:20:15]} {[%emt 00:02:00]} Na5 {[%clk 01:03:51]}
{[%emt 00:06:20]} 17. Bf4 {[%clk 01:16:14]} {[%emt 00:04:31]} Qc6 {[%clk
00:54:21]} {[%emt 00:10:00]} 18. Rac1 {[%clk 01:14:49]} {[%emt 00:01:54]} Rcd8
{[%clk 00:44:20]} {[%emt 00:10:31]} 19. Qe2 {[%clk 01:11:42]} {[%emt 00:03:38]}
Nxb3 {[%clk 00:39:46]} {[%emt 00:05:05]} 20. axb3 {[%clk 01:12:01]} {[%emt
00:00:10]} Qd5 {[%clk 00:33:47]} {[%emt 00:06:29]} 21. Ra1 {[%clk 01:07:16]}
{[%emt 00:05:15]} a6 {[%clk 00:23:10]} {[%emt 00:11:07]} 22. Bc7 {[%clk
00:59:19]} {[%emt 00:08:24]} Rc8 {[%clk 00:22:42]} {[%emt 00:01:02]} 23. c4
{[%clk 00:59:36]} {[%emt 00:00:13]} Qc6 {[%clk 00:20:44]} {[%emt 00:02:27]} 24.
Be5 {[%clk 00:58:57]} {[%emt 00:01:08]} Qe6 {[%clk 00:15:15]} {[%emt 00:06:01]}
25. Bxg7 {[%clk 00:58:50]} {[%emt 00:00:38]} Qxe2 {[%clk 00:14:11]} {[%emt
00:01:33]} 26. Rxe2 {[%clk 00:59:13]} {[%emt 00:00:06]} Kxg7 {[%clk 00:14:16]}
{[%emt 00:00:25]} 27. Ne5 {[%clk 00:57:43]} {[%emt 00:02:01]} f6 {[%emt
00:06:00]} 1/2-1/2

[Event "DEM U12 2025"]
[Site "Willingen GER"]
[Date "2025.06.08"]
[Round "2"]
[White "Spielmann, Jan"]
[Black "Serwane, Ruben"]
[Result "1-0"]
[Termination "normal"]
[Board "20"]
[WhiteElo "1667"]
[BlackElo "1854"]
[WhiteClock "00:01:56"]
[BlackClock "00:37:13"]
[PlyCount "71"]
[WhiteFideId "34680039"]
[BlackFideId "34660232"]
[EventCountry "GER"]
[EventRounds "9"]
[EventType "swiss"]
[EventDate "2025.06.07"]

1. e4 {[%clk 01:30:59]} c5 {[%clk 01:30:40]} {[%emt 00:00:21]} 2. b3 {[%clk
01:31:24]} {[%emt 00:00:05]} d6 {[%clk 01:30:07]} {[%emt 00:01:03]} 3. Bb2
{[%clk 01:31:36]} {[%emt 00:00:18]} Nc6 {[%clk 01:29:23]} {[%emt 00:01:15]} 4.
Bb5 {[%clk 01:31:54]} {[%emt 00:00:11]} Bd7 {[%clk 01:28:39]} {[%emt 00:01:14]}
5. f4 {[%clk 01:30:58]} {[%emt 00:01:26]} Nf6 {[%clk 01:27:04]} {[%emt
00:02:05]} 6. Qe2 {[%clk 01:18:38]} {[%emt 00:12:50]} a6 {[%clk 01:22:12]}
{[%emt 00:05:22]} 7. Bxc6 {[%clk 01:18:54]} {[%emt 00:00:14]} Bxc6 {[%clk
01:22:15]} {[%emt 00:00:27]} 8. d3 {[%clk 01:18:47]} {[%emt 00:00:37]} e6
{[%clk 01:21:04]} {[%emt 00:01:41]} 9. Nf3 {[%clk 01:18:40]} {[%emt 00:00:36]}
Be7 {[%clk 01:20:07]} {[%emt 00:01:26]} 10. O-O {[%clk 01:18:41]} {[%emt
00:00:30]} d5 {[%clk 01:18:47]} {[%emt 00:01:51]} 11. e5 {[%clk 01:16:10]}
{[%emt 00:03:01]} Nd7 {[%clk 01:18:13]} {[%emt 00:01:04]} 12. Nbd2 {[%clk
01:13:39]} {[%emt 00:03:00]} d4 {[%clk 01:16:34]} {[%emt 00:02:10]} 13. Ne4
{[%clk 01:12:12]} {[%emt 00:01:57]} Nb6 {[%clk 01:13:36]} {[%emt 00:03:29]} 14.
Nfg5 {[%clk 00:59:10]} {[%emt 00:13:32]} Bxe4 {[%clk 01:11:31]} {[%emt
00:02:35]} 15. Nxe4 {[%clk 00:57:04]} {[%emt 00:02:36]} Nd5 {[%clk 01:10:39]}
{[%emt 00:01:23]} 16. Bc1 {[%clk 00:45:53]} {[%emt 00:11:39]} b5 {[%emt
00:08:30]} 17. Qg4 {[%clk 00:43:04]} g6 {[%clk 01:04:19]} {[%emt 00:02:10]} 18.
Bd2 {[%clk 00:36:50]} {[%emt 00:06:44]} Qb6 {[%clk 01:02:00]} {[%emt 00:02:47]}
19. Kh1 {[%clk 00:30:10]} {[%emt 00:07:11]} h6 {[%clk 00:59:37]} {[%emt
00:02:53]} 20. Qf3 {[%clk 00:26:39]} {[%emt 00:04:00]} a5 {[%clk 00:56:40]}
{[%emt 00:03:28]} 21. Ng3 {[%clk 00:23:46]} {[%emt 00:03:24]} Bh4 {[%clk
00:54:02]} {[%emt 00:03:08]} 22. f5 {[%clk 00:20:34]} {[%emt 00:03:42]} Ra7
{[%clk 00:48:30]} {[%emt 00:06:04]} 23. fxg6 {[%clk 00:13:47]} {[%emt
00:07:15]} fxg6 {[%clk 00:48:07]} {[%emt 00:00:53]} 24. Ne4 {[%clk 00:13:44]}
{[%emt 00:00:34]} Rg7 {[%clk 00:46:47]} {[%emt 00:01:49]} 25. Bxh6 {[%clk
00:12:05]} {[%emt 00:02:10]} Rgh7 {[%clk 00:45:53]} {[%emt 00:01:24]} 26. Nd6+
{[%clk 00:09:38]} {[%emt 00:02:57]} Kd7 {[%clk 00:45:43]} {[%emt 00:00:39]} 27.
Bf4 {[%clk 00:08:05]} {[%emt 00:02:03]} Rf8 {[%clk 00:45:01]} {[%emt 00:01:12]}
28. Qg4 {[%clk 00:07:29]} {[%emt 00:01:06]} Be7 {[%clk 00:44:10]} {[%emt
00:01:22]} 29. Qxg6 {[%clk 00:06:18]} {[%emt 00:01:40]} Rfh8 {[%clk 00:41:00]}
{[%emt 00:03:40]} 30. Bg3 {[%clk 00:05:36]} {[%emt 00:01:23]} Rh6 {[%clk
00:40:17]} {[%emt 00:01:03]} 31. Qe4 {[%clk 00:01:46]} {[%emt 00:04:19]} Qb8
{[%clk 00:39:23]} {[%emt 00:01:24]} 32. Nf7 {[%clk 00:01:39]} {[%emt 00:00:37]}
Qg8 {[%clk 00:37:30]} {[%emt 00:02:24]} 33. Nxh6 {[%clk 00:01:38]} {[%emt
00:00:30]} Rxh6 {[%clk 00:37:52]} {[%emt 00:00:09]} 34. Bf4 {[%clk 00:01:32]}
{[%emt 00:00:36]} Rh4 {[%clk 00:37:32]} {[%emt 00:00:50]} 35. g3 {[%clk
00:01:34]} {[%emt 00:00:28]} Rh5 {[%clk 00:37:13]} {[%emt 00:00:49]} 36. Qf3
{[%clk 00:01:56]} {[%emt 00:00:08]} 1-0

[Event "DEM U12 2025"]
[Site "Willingen GER"]
[Date "2025.06.08"]
[Round "2"]
[White "Betz, Niclas"]
[Black "Krishnan, Vihaan"]
[Result "0-1"]
[Termination "normal"]
[Board "21"]
[WhiteElo "1678"]
[BlackElo "1731"]
[WhiteClock "00:57:10"]
[BlackClock "00:17:57"]
[PlyCount "62"]
[WhiteFideId "34616748"]
[BlackFideId "34633910"]
[EventCountry "GER"]
[EventRounds "9"]
[EventType "swiss"]
[EventDate "2025.06.07"]

1. d4 {[%clk 01:30:56]} {[%emt 00:00:04]} d5 {[%clk 01:30:45]} {[%emt
00:00:15]} 2. c4 {[%clk 01:31:19]} {[%emt 00:00:07]} e6 {[%clk 01:31:09]}
{[%emt 00:00:06]} 3. Nc3 {[%clk 01:31:41]} {[%emt 00:00:09]} Nf6 {[%clk
01:31:34]} {[%emt 00:00:05]} 4. Nf3 {[%clk 01:31:58]} {[%emt 00:00:12]} c5
{[%clk 01:30:41]} {[%emt 00:01:23]} 5. dxc5 {[%clk 01:32:15]} {[%emt 00:00:13]}
Bxc5 {[%clk 01:31:04]} {[%emt 00:00:07]} 6. Bg5 {[%clk 01:30:45]} {[%emt
00:02:00]} Bb4 {[%clk 01:09:52]} {[%emt 00:21:42]} 7. e4 {[%clk 01:22:31]}
{[%emt 00:08:45]} Bxc3+ {[%clk 01:05:17]} {[%emt 00:05:04]} 8. bxc3 {[%clk
01:21:53]} {[%emt 00:01:08]} dxe4 {[%clk 01:03:23]} {[%emt 00:02:25]} 9. Qxd8+
{[%clk 01:21:55]} {[%emt 00:00:26]} Kxd8 {[%clk 01:03:51]} {[%emt 00:00:03]}
10. O-O-O+ {[%clk 01:20:14]} {[%emt 00:02:11]} Ke8 {[%clk 00:51:58]} {[%emt
00:12:22]} 11. Ne5 {[%clk 01:12:54]} {[%emt 00:07:50]} Nbd7 {[%clk 00:44:16]}
{[%emt 00:08:14]} 12. Nxd7 {[%clk 01:06:31]} {[%emt 00:06:51]} Bxd7 {[%clk
00:43:39]} {[%emt 00:01:08]} 13. g3 {[%clk 01:05:25]} {[%emt 00:01:35]} h6
{[%clk 00:39:14]} {[%emt 00:04:56]} 14. Bf4 {[%clk 01:00:30]} {[%emt 00:05:22]}
Rc8 {[%clk 00:37:24]} {[%emt 00:02:23]} 15. Rd4 {[%clk 00:58:27]} {[%emt
00:02:33]} Ng4 {[%clk 00:32:40]} {[%emt 00:05:14]} 16. Be3 {[%clk 00:58:41]}
{[%emt 00:00:16]} Nxe3 {[%clk 00:32:06]} {[%emt 00:01:04]} 17. fxe3 {[%clk
00:58:59]} {[%emt 00:00:11]} f5 {[%clk 00:32:09]} {[%emt 00:00:27]} 18. Bg2
{[%clk 00:58:34]} {[%emt 00:00:55]} Ke7 {[%clk 00:29:17]} {[%emt 00:03:24]} 19.
Rhd1 {[%clk 00:57:46]} {[%emt 00:01:17]} Rhd8 {[%clk 00:26:45]} {[%emt
00:03:01]} 20. g4 {[%clk 00:57:42]} {[%emt 00:00:35]} Ba4 {[%clk 00:22:03]}
{[%emt 00:05:11]} 21. Rxd8 {[%clk 00:56:11]} {[%emt 00:02:00]} Rxd8 {[%clk
00:22:18]} {[%emt 00:00:17]} 22. Rxd8 {[%clk 00:56:32]} {[%emt 00:00:08]} Kxd8
{[%clk 00:22:46]} {[%emt 00:00:03]} 23. gxf5 {[%clk 00:56:42]} {[%emt
00:00:19]} exf5 {[%clk 00:23:15]} {[%emt 00:00:02]} 24. Kb2 {[%clk 00:56:39]}
{[%emt 00:00:33]} Kc7 {[%clk 00:22:47]} {[%emt 00:00:57]} 25. Ka3 {[%clk
00:56:58]} {[%emt 00:00:11]} Bd1 {[%clk 00:22:03]} {[%emt 00:01:12]} 26. Kb4
{[%clk 00:57:19]} {[%emt 00:00:10]} Bf3 {[%clk 00:21:35]} {[%emt 00:00:58]} 27.
Bh3 {[%clk 00:57:42]} {[%emt 00:00:07]} f4 {[%clk 00:21:34]} {[%emt 00:00:33]}
28. Kb3 {[%clk 00:56:41]} {[%emt 00:01:31]} fxe3 {[%clk 00:19:50]} {[%emt
00:02:13]} 29. Kc2 {[%clk 00:57:02]} {[%emt 00:00:09]} e2 {[%clk 00:19:22]}
{[%emt 00:00:57]} 30. Kd2 {[%clk 00:57:31]} {[%emt 00:00:03]} g5 {[%clk
00:18:51]} {[%emt 00:01:00]} 31. Be6 {[%clk 00:57:10]} {[%emt 00:00:51]} h5
{[%clk 00:17:57]} {[%emt 00:01:24]} 0-1